South Eastern Kenya University

Library Online Public Access Catalogue


The complete guide to Carmen/ (Record no. 12996)

MARC details
000 -LEADER
fixed length control field 00700nam a22002297a 4500
003 - CONTROL NUMBER IDENTIFIER
control field OSt
005 - DATE AND TIME OF LATEST TRANSACTION
control field 20160425105759.0
008 - FIXED-LENGTH DATA ELEMENTS--GENERAL INFORMATION
fixed length control field 160425b xxu||||| |||| 00| 0 eng d
020 ## - INTERNATIONAL STANDARD BOOK NUMBER
International Standard Book Number 0893280267
020 ## - INTERNATIONAL STANDARD BOOK NUMBER
International Standard Book Number 9780893280260
040 ## - CATALOGING SOURCE
Original cataloging agency SEKU
050 ## - LIBRARY OF CONGRESS CALL NUMBER
Classification number MT 100
Item number .K55
100 ## - MAIN ENTRY--PERSONAL NAME
Personal name Knaust, Rebecca
245 ## - TITLE STATEMENT
Title The complete guide to Carmen/
Statement of responsibility, etc. written by Rebecca Knaust
260 ## - PUBLICATION, DISTRIBUTION, ETC. (IMPRINT)
Place of publication, distribution, etc. New York :
Name of publisher, distributor, etc. McAfee Books,
Date of publication, distribution, etc. ©1978.
300 ## - PHYSICAL DESCRIPTION
Extent 184 pages :
Other physical details illustrations, music ;
Dimensions 31 cm
500 ## - GENERAL NOTE
General note Includes glossary
650 ## - SUBJECT ADDED ENTRY--TOPICAL TERM
Topical term or geographic name as entry element Bizet, Georges, -- 1838-1875. -- Carmen.
650 ## - SUBJECT ADDED ENTRY--TOPICAL TERM
Topical term or geographic name as entry element Operas -- Excerpts -- Vocal scores with piano.
650 ## - SUBJECT ADDED ENTRY--TOPICAL TERM
Topical term or geographic name as entry element Operas -- Librettos.
942 ## - ADDED ENTRY ELEMENTS (KOHA)
Source of classification or shelving scheme Library of Congress Classification
Koha item type General circulation
Holdings
Withdrawn status Lost status Source of classification or shelving scheme Damaged status Not for loan Home library Current library Shelving location Date acquired Source of acquisition Total Checkouts Full call number Barcode Date last seen Price effective from Koha item type Public note
    Library of Congress Classification     Main Campus Library Main Campus Library General Stacks 25/04/2016 Donation - Books for Africa   MT 100 .K55 2016/016833 25/04/2016 25/04/2016 General circulation res
Kitui, Kenya.
+254736116989
library@seku.ac.ke